书目信息 |
| 题名: |
地方应用型大学变革研究
|
|
| 作者: | 朱建新 著 | |
| 分册: | ||
| 出版信息: | 上海 上海交通大学出版社 2020.05 |
|
| 页数: | 207页 | |
| 开本: | 24cm | |
| 丛书名: | ||
| 单 册: | ||
| 中图分类: | G649.21 | |
| 科图分类: | ||
| 主题词: | 地方高校--Di Fang Gao Jiao--教育改革--研究--中国 | |
| 电子资源: | ||
| ISBN: | 978-7-313-23060-7 | |
| 000 | 01033nam0 2200229 450 | |
| 001 | 0103152640 | |
| 005 | 20201103152729.0 | |
| 010 | @a978-7-313-23060-7@dCNY68.00 | |
| 100 | @a20200622d2020 em y0chiy50 ea | |
| 101 | 0 | @achi |
| 102 | @aCN@b310000 | |
| 105 | @ay z 000yy | |
| 106 | @ar | |
| 200 | 1 | @a地方应用型大学变革研究@ADi Fang Ying Yong Xing Da Xue Bian Ge Yan Jiu@e以浙江科技学院为例@f朱建新著 |
| 210 | @a上海@c上海交通大学出版社@d2020.05 | |
| 215 | @a207页@d24cm | |
| 330 | @a本书以我国地方应用型大学为研究对象,选取浙江科技学院为典型案例,以新制度主义理论为指导,综合运用多种研究方法,在剖析我国应用型大学建设现状和困境的基础上,从人才培养、科研服务、管理体制和国际化办学等四个维度对应用型办学的演变历程进行阐释,对应用型办学的影响因素进行分析,提出了通过制度创新推动我国地方高校向应用型转型的有效策略。 | |
| 606 | 0 | @a地方高校@ADi Fang Gao Jiao@x教育改革@x研究@y中国 |
| 690 | @aG649.21@v5 | |
| 701 | 0 | @a朱建新@AZhu Jian Xin@f(1981.9-)@4著 |
| 801 | 0 | @aCN@bBJSZM@c20201103 |
| 905 | @b1255041-5@dG649.21@e1667@f5 | |
| 地方应用型大学变革研究:以浙江科技学院为例/朱建新著.-上海:上海交通大学出版社,2020.05 |
| 207页;24cm |
| ISBN 978-7-313-23060-7:CNY68.00 |
| 本书以我国地方应用型大学为研究对象,选取浙江科技学院为典型案例,以新制度主义理论为指导,综合运用多种研究方法,在剖析我国应用型大学建设现状和困境的基础上,从人才培养、科研服务、管理体制和国际化办学等四个维度对应用型办学的演变历程进行阐释,对应用型办学的影响因素进行分析,提出了通过制度创新推动我国地方高校向应用型转型的有效策略。 |
| ● |
| 相关链接 |
|
|
|
|
正题名:地方应用型大学变革研究
索取号:G649.21/1667
 
预约/预借
| 序号 | 登录号 | 条形码 | 馆藏地/架位号 | 状态 | 备注 |
| 1 | 1255041 | 212550416 | 第一样本阅览室/ [索取号:G649.21/1667] | 在馆 | |
| 2 | 1255042 | 212550425 | 教育系资料室/ [索取号:G649.21/1667] | 在馆 | |
| 3 | 1255043 | 212550434 | 教育系资料室/ [索取号:G649.21/1667] | 在馆 | |
| 4 | 1255044 | 212550443 | 第四借阅区/ [索取号:G649.21/1667] | 在馆 | |
| 5 | 1255045 | 212550452 | 第四借阅区/ [索取号:G649.21/1667] | 在馆 |